Oscar Winning Films of the 1960's - Statistics

General Stats
  • This quiz has been taken 99 times
    32 since last reset
  • The average score is 29 of 103
Answer Stats
Category Year Movie % Correct
Picture 1969 Midnight Cowboy
90%
Lead Actress 1964 Mary Poppins
80%
Director 1967 The Graduate
80%
Picture 1965 The Sound of Music
80%
Adapted Screenplay 1962 To Kill a Mockingbird
80%
Picture 1961 West Side Story
80%
Supporting Actress 1967 Bonnie and Clyde
70%
Original Screenplay 1969 Butch Cassidy and the Sundance Kid
70%
Lead Actress 1963 Hud
70%
Picture 1962 Lawrence of Arabia
70%
Picture 1968 Oliver!
70%
Supporting Actor 1960 Spartacus
70%
Picture 1960 The Apartment
70%
Picture 1963 Tom Jones
70%
Visual Effects 1968 2001: A Space Odyssey
60%
Picture 1966 A Man for All Seasons
60%
Music Score of a Dramatic or Comedy Picture 1961 Breakfast at Tiffany's
60%
Cinematography (Color) 1963 Cleopatra
60%
Lead Actress 1968 Funny Girl
60%
Picture 1967 In the Heat of the Night
60%
Picture 1964 My Fair Lady
60%
Lead Actor 1969 True Grit
60%
Adapted Screenplay 1964 Becket
50%
Adapted Screenplay 1965 Doctor Zhivago
50%
Adapted Screenplay 1968 The Lion in Winter
50%
Supporting Actor 1967 Cool Hand Luke
40%
Original Screenplay 1965 Darling
40%
Adapted Screenplay 1960 Elmer Gantry
40%
Sound Editing 1964 Goldfinger
40%
Adapted Screenplay 1961 Judgment at Nuremberg
40%
Lead Actress 1966 Who's Afraid of Virginia Woolf?
40%
International Feature 1969 Z
40%
Lead Actress 1960 BUtterfield 8
30%
Supporting Actress 1969 Cactus Flower
30%
Lead Actor 1968 Charly
30%
Sound Editing 1963 It's a Mad Mad Mad Mad World
30%
Costume Design (Black and White) 1961 La Dolce Vita
30%
Lead Actor 1963 Lilies of the Field
30%
Supporting Actor 1966 The Fortune Cookie
30%
Visual Effects 1961 The Guns of Navarone
30%
Cinematography (Black and White) 1961 The Hustler
30%
Cinematography (Black and White) 1962 The Longest Day
30%
Lead Actress 1962 The Miracle Worker
30%
Lead Actress 1969 The Prime of Miss Jean Brodie
30%
Supporting Actor 1969 They Shoot Horses, Don't They?
30%
Visual Effects 1965 Thunderball
30%
Lead Actress 1961 Two Women
30%
Costume Design (Black and White) 1962 What Ever Happened to Baby Jane?
30%
Supporting Actress 1964 Zorba the Greek
30%
International Feature 1963
20%
Costume Design 1969 Anne of the Thousand Days
20%
Supporting Actress 1965 A Patch of Blue
20%
Lead Actor 1965 Cat Ballou
20%
Original Song 1967 Doctor Dolittle
20%
Music Score of a Dramatic or Comedy Picture 1960 Exodus
20%
Original Screenplay 1967 Guess Who's Coming to Dinner?
20%
Scoring of a Musical Picture — Original or Adaptation 1969 Hello, Dolly!
20%
Original Screenplay 1963 How the West Was Won
20%
Cinematography 1968 Romeo and Juliet
20%
Supporting Actress 1968 Rosemary's Baby
20%
Original Screenplay 1961 Splendor in the Grass
20%
Original Screenplay 1968 The Producers
20%
Supporting Actor 1964 Topkapi
20%
International Feature 1968 War and Peace
20%
Production Design (Black and White) 1963 America, America
10%
Supporting Actor 1965 A Thousand Clowns
10%
Original Music Score 1966 Born Free
10%
Film Editing 1968 Bullitt
10%
Original Song 1962 Days of Wine and Roses
10%
Original Screenplay 1962 Divorce Italian Style
10%
Scoring of Music — Adaptation or Treatment 1963 Irma la Douce
10%
Cinematography (Black and White) 1965 Ship of Fools
10%
Cinematography (Black and White) 1960 Sons and Lovers
10%
Supporting Actor 1962 Sweet Bird of Youth
10%
Sound Mixing 1960 The Alamo
10%
Sound Editing 1967 The Dirty Dozen
10%
Scoring of Music — Adaptation or Treatment 1962 The Music Man
10%
Supporting Actor 1968 The Subject Was Roses
10%
Supporting Actress 1963 The V.I.P.'s
10%
Original Music Score 1967 Thoroughly Modern Millie
10%
Scoring of Music — Adaptation or Treatment 1966 A Funny Thing Happened on the Way to the Forum
0%
Original Screenplay 1966 A Man and a Woman
0%
Scoring of Music — Adaptation or Treatment 1967 Camelot
0%
International Feature 1967 Closely Watched Trains
0%
Production Design (Color) 1966 Fantastic Voyage
0%
Original Screenplay 1964 Father Goose
0%
Film Editing 1966 Grand Prix
0%
Visual Effects 1969 Marooned
0%
Original Song 1960 Never on Sunday
0%
Original Song 1963 Papa's Delicate Condition
0%
Scoring of a Musical Picture 1960 Song Without End
0%
International Feature 1962 Sundays and Cybele
0%
Costume Design (Black and White) 1960 The Facts of Life
0%
Sound Editing 1965 The Great Race
0%
Costume Design (Black and White) 1964 The Night of the Iguana
0%
Original Song 1965 The Sandpiper
0%
International Feature 1965 The Shop on Main Street
0%
Original Song 1968 The Thomas Crown Affair
0%
Visual Effects 1960 The Time Machine
0%
International Feature 1960 The Virgin Spring
0%
Costume Design (Color) 1962 The Wonderful World of the Brothers Grimm
0%
International Feature 1961 Through a Glass Darkly
0%
International Feature 1964 Yesterday, Today and Tomorrow
0%
No matching quizzes found
Score Distribution
Percent of People with Each Score
Percentile by Number Answered
Your Score History
You have not taken this quiz since the last reset